[Event "Karl Mala Memorial op-B 17th"]
[Site "Frankfurt"]
[Date "2014.08.03"]
[Round "7"]
[White "Usczeck, Malte"]
[Black "Haller, Andreas"]
[Result "1-0"]
[WhiteElo "1110"]
[BlackElo "774"]
[PlyCount "39"]
[EventDate "2014.07.31"]
[EventType "swiss"]
[EventRounds "7"]
[EventCountry "GER"]
[SourceTitle "EXT 2015"]
[Source "ChessBase"]
[SourceDate "2014.11.20"]
[SourceVersion "1"]
[SourceVersionDate "2014.11.20"]
[SourceQuality "1"]

1. e4 e5 2. Nf3 Nc6 3. Bb5 Bc5 4. Nc3 Nf6 5. 0-0 d6 6. h3 0-0 7. Re1 h6 8. d3 Re8 9. Qe2 a6 10. Bxc6 bxc6 11. Be3 Bxe3 12. Qxe3 Rb8 13. b3 c5 14. Ne2 Qd7 15. Nh4 Rb6 16. Nf5 g5 17. Nxh6+ Kh8 18. Qxg5 Ng8 19. Nxg8 Rxg8 20. Qh6# 1-0